[Event "Bretagne"]
[Site "Bretagne"]
[Date "1999.??.??"]
[Round "1"]
[White "Claverie, Christophe"]
[Black "Le Floch, Sebastien"]
[Result "1-0"]
[WhiteElo "2300"]
[BlackElo "2200"]
[PlyCount "113"]
[EventDate "1999.??.??"]
[Source "www.chesslib.no"]
[SourceDate "2004.05.04"]

1. c4 f5 2. Nf3 Nf6 3. g3 d6 4. d4 e6 5. Nc3 Be7 6. Bg2 O-O 7. O-O Qe8 8. Re1 Ne4 9. Nxe4 fxe4 10. Ng5 d5 11. cxd5 Bxg5 12. Bxg5 exd5 13. Qb3 c6 14. f3 Qg6 15. Be3 exf3 16. exf3 Nd7 17. Bf4 Nb6 18. Qb4 Nc4 19. Qc3 h5 20. b3 Nd6 21. Bxd6 Qxd6 22. Re5 Bf5 23. Rae1 b6 24. Qd2 Qf6 25. h4 a5 26. a3 Ra7 27. Kh2 g6 28. Bf1 Rg7 29. f4 Be4 30. Bd3 Qd6 31. Bxe4 dxe4 32. b4 axb4 33. Qxb4 Qxb4 34. axb4 Rd8 35. R1xe4 Rgd7 36. Re6 Rd6 37. Kg2 Kf7 38. Re7+ Kf6 39. Kf3 Rxd4 40. R4e6+ Kf5 41. Rxc6 Rd3+ 42. Re3 R3d6 43. Re5+ Kf6 44. Rxd6+ Rxd6 45. Ke4 Rd1 46. Rb5 Re1+ 47. Kd3 Rd1+ 48. Kc2 Rd6 49. Rg5 Ke7 50. Kc3 Rf6 51. Kc4 Kd7 52. Kb5 Kc7 53. Rd5 Rf7 54. Re5 Rf5 55. Rxf5 gxf5 56. Ka6 Kc6 57. Ka7 1-0

[Event "HUN Team Ch 9394"]
[Site "HUN"]
[Date "1994.??.??"]
[Round "?"]
[White "Kaposztas, Miklos"]
[Black "Gara, Gyorgy"]
[Result "1/2-1/2"]
[WhiteElo "2260"]
[BlackElo "2235"]
[PlyCount "20"]
[EventDate "1993.??.??"]
[Source "www.chesslib.no"]
[SourceDate "2004.05.04"]

1. c4 e6 2. Nf3 f5 3. g3 Nf6 4. Bg2 d6 5. d4 Be7 6. O-O O-O 7. Nc3 Qe8 8. Qd3 Nc6 9. e4 fxe4 10. Nxe4 Qh5 1/2-1/2

[Event "Hallsberg"]
[Site "?"]
[Date "2000.12.28"]
[Round "1"]
[White "Wegerle Joerg"]
[Black "Rasmussen Allan Stig"]
[Result "1/2-1/2"]
[WhiteElo "2296"]
[BlackElo "2199"]
[PlyCount "87"]
[EventDate "2000.??.??"]
[Source "www.chesslib.no"]
[SourceDate "2004.05.04"]

1. d4 f5 2. c4 Nf6 3. Nc3 e6 4. g3 Be7 5. Bg2 O-O 6. Nf3 d6 7. O-O Qe8 8. Re1 Qg6 9. e4 fxe4 10. Nxe4 Nxe4 11. Rxe4 Nc6 12. Qe2 Bf6 13. Bd2 e5 14. dxe5 Nxe5 15. Nxe5 Bxe5 16. Bc3 Bxc3 17. bxc3 c6 18. Re1 Bd7 19. Qd2 Rae8 20. h4 Rxe4 21. Rxe4 Rf6 22. c5 Kf8 23. cxd6 Rxd6 24. Rf4+ Kg8 25. Rd4 Rxd4 26. Qxd4 Qb1+ 27. Kh2 Be6 28. Qxa7 Bxa2 29. Qb8+ Kf7 30. Qf4+ Kg8 31. Qe5 g6 32. h5 gxh5 33. Qxh5 Qg6 34. Qe5 Qf7 35. f4 Be6 36. Be4 Bd7 37. Qg5+ Kh8 38. f5 Be8 39. Kh3 Qg7 40. Qd8 Qe5 41. Qd3 Kg7 42. Qe3 h6 43. g4 Bf7 44. Qd3 1/2-1/2

[Event "Oberliga Ost-A 0102"]
[Site "?"]
[Date "2001.11.10"]
[Round "2.3"]
[White "Neidig Stefan"]
[Black "Klawa Patrick"]
[Result "1-0"]
[WhiteElo "2233"]
[BlackElo "2259"]
[PlyCount "55"]
[EventDate "2001.??.??"]
[Source "www.chesslib.no"]
[SourceDate "2004.05.04"]

1. c4 e6 2. Nf3 f5 3. g3 Nf6 4. Bg2 Be7 5. O-O O-O 6. d4 d6 7. Nc3 Qe8 8. Re1 Qg6 9. e4 fxe4 10. Nxe4 Nxe4 11. Rxe4 Nc6 12. Qe2 e5 13. dxe5 Bf5 14. exd6 Qxd6 15. Bf4 Qd7 16. Ne5 Nxe5 17. Rxe5 Bf6 18. Rd1 Qc8 19. Bxb7 Qxb7 20. Rxf5 Rae8 21. Qc2 Rf7 22. b3 Rfe7 23. Be3 Be5 24. c5 c6 25. Qc4+ Kh8 26. Bg5 Rd7 27. Re1 Rd5 28. Bf4 1-0

[Event "2. Continental Femenino"]
[Site "?"]
[Date "2003.09.06"]
[Round "1"]
[White "Palao Maricela"]
[Black "Arribas Maritza"]
[Result "0-1"]
[WhiteElo "2126"]
[BlackElo "2366"]
[PlyCount "64"]
[EventDate "2003.??.??"]
[Source "www.chesslib.no"]
[SourceDate "2004.05.04"]

1. d4 e6 2. c4 f5 3. Nf3 Nf6 4. g3 Be7 5. Bg2 O-O 6. O-O Qe8 7. Nc3 d6 8. b4 Nbd7 9. Nb5 Bd8 10. Qb3 Kh8 11. c5 a6 12. Na3 d5 13. b5 Ne4 14. bxa6 Rxa6 15. Nb5 c6 16. Nc3 Bf6 17. Bb2 e5 18. Nxe4 fxe4 19. dxe5 Nxc5 20. Qe3 Be7 21. Nd4 Na4 22. Ba3 Bxa3 23. Qxa3 c5 24. Nb3 Qxe5 25. Nxc5 Qe7 26. Rac1 b6 27. Qxa4 Rxa4 28. Nxa4 Qb4 29. Nc3 Be6 30. Rc2 h6 31. Rb1 Qc5 32. Rb5 Qxf2+ 0-1

[Event "Oberliga Ost-A 0203"]
[Site "?"]
[Date "2003.03.29"]
[Round "10.3"]
[White "Neyman Igor"]
[Black "Babrikowski Peter"]
[Result "1/2-1/2"]
[WhiteElo "2217"]
[BlackElo "2272"]
[PlyCount "79"]
[EventDate "2003.??.??"]
[Source "www.chesslib.no"]
[SourceDate "2004.05.04"]

1. d4 f5 2. g3 Nf6 3. Bg2 e6 4. c4 Be7 5. Nf3 d6 6. O-O O-O 7. Nc3 Qe8 8. Re1 Nbd7 9. e4 fxe4 10. Ng5 Nb6 11. b3 d5 12. c5 h6 13. Ngxe4 dxe4 14. cxb6 Bb4 15. Bd2 Bxc3 16. Bxc3 axb6 17. Bxe4 Nxe4 18. Rxe4 Qc6 19. Qe1 Rf3 20. Bb4 Qd5 21. Re3 Rxe3 22. Qxe3 Bd7 23. Qe5 Qf3 24. Qe3 Qd5 25. Qe5 Qxe5 26. dxe5 c5 27. Bc3 Bc6 28. Kf1 Bf3 29. a4 Kf7 30. b4 Kg6 31. a5 cxb4 32. Bxb4 bxa5 33. Rxa5 Rxa5 34. Bxa5 Kf5 35. Ke1 Ke4 36. Kd2 g5 37. h4 Kxe5 38. hxg5 hxg5 39. Bd8 g4 40. Kc3 1/2-1/2

[Event "Denmark ch"]
[Site "corr"]
[Date "1979.??.??"]
[Round "?"]
[White "Gasseholm, Finn"]
[Black "Brinck Claussen, Bjorn"]
[Result "1/2-1/2"]
[WhiteElo "2195"]
[BlackElo "2291"]
[PlyCount "109"]
[EventDate "1979.??.??"]
[Source "www.chesslib.no"]
[SourceDate "2004.05.04"]

1. d4 f5 2. g3 e6 3. Bg2 Nf6 4. Nf3 Be7 5. O-O O-O 6. c4 d6 7. Nc3 Qe8 8. Re1 Ne4 9. Qc2 Qg6 10. Be3 Nxc3 11. Qxc3 Nc6 12. Bf4 Qh5 13. Qd2 Nd8 14. e4 fxe4 15. Rxe4 Nf7 16. Rae1 g5 17. g4 Qg6 18. Bg3 Bf6 19. h3 Bd7 20. R4e2 b6 21. Ne5 Bxe5 22. dxe5 Rad8 23. b4 dxe5 24. Qb2 Bc8 25. b5 Rd4 26. c5 bxc5 27. Qa3 Qd3 28. Qxc5 Qc4 29. Qxa7 Qxb5 30. Qxc7 Rc4 31. Qe7 Qd7 32. Qf6 Qd8 33. Bxe5 Nxe5 34. Qxe5 Qf6 35. Qxf6 Rxf6 36. Re5 h6 37. R1e2 Rf7 38. Ra5 Rd7 39. Ra8 Kf7 40. Kh2 Bb7 41. Bxb7 Rxb7 42. Ra6 Re7 43. a4 Rc1 44. Ra2 Rd7 45. a5 Rdd1 46. Rb6 Rh1+ 47. Kg2 Rcg1+ 48. Kf3 Ra1 49. Rxa1 Rxa1 50. a6 Kf6 51. Ke4 Ra4+ 52. Kd3 Ke5 53. Kc3 Kd5 54. Kb3 Ra1 55. Kb2 1/2-1/2